000 nam a22 7a 4500
999 _c29874
_d29874
008 181005b xxu||||| |||| 00| 0 eng d
020 _a0875963234
050 _aREF GV 482.5 .L35 1997
100 _aLaliberte, Richard
_d1997
245 _aThe men's health guide to peak conditioning/
_cRichard, Laliberte
260 _aUSA:
_bSharpshooter, inc.;
_c1997.
300 _axiii, 352p. ;
_bill.
_c30 cm
650 _aphysical fitness for men
650 _aExercise for men
942 _2lcc
_cREF_BOOK
_hREF GV 482.5 .L35 1997